000 00225nam a2200097Ia 4500
008 240331s9999 xx 000 0 und d
082 _bJEY
100 _aJeyarasa, S
245 0 _aKolamayamaakalum ilankaiyin kalviyum
942 _cL
999 _c3651
_d3651